An introduction to object-oriented programming with Java
This book is an introduction to object-first programming using the java programming language. We use be the object-first approach where objects are used from the first sample program. Object-oriented thingking is emphasized and promoted from the beginning. Students learn how to use objects first and...
محفوظ في:
| المؤلف الرئيسي: | |
|---|---|
| التنسيق: | كتاب |
| اللغة: | Undetermined |
| منشور في: |
Boston
McGraw-Hill
2010
|
| الموضوعات: | |
| الوسوم: |
إضافة وسم
لا توجد وسوم, كن أول من يضع وسما على هذه التسجيلة!
|
| Thư viện lưu trữ: | Trung tâm Học liệu Trường Đại học Cần Thơ |
|---|
| LEADER | 01080nam a2200205Ia 4500 | ||
|---|---|---|---|
| 001 | CTU_154887 | ||
| 008 | 210402s9999 xx 000 0 und d | ||
| 020 | |c 668000 | ||
| 082 | |a 005.133 | ||
| 082 | |b W959 | ||
| 100 | |a Wu, C. Thomas | ||
| 245 | 3 | |a An introduction to object-oriented programming with Java | |
| 245 | 0 | |c C. Thomas Wu | |
| 260 | |a Boston | ||
| 260 | |b McGraw-Hill | ||
| 260 | |c 2010 | ||
| 520 | |a This book is an introduction to object-first programming using the java programming language. We use be the object-first approach where objects are used from the first sample program. Object-oriented thingking is emphasized and promoted from the beginning. Students learn how to use objects first and then learn how to define their own objects. | ||
| 650 | |a Lập trình hướng đối tượng ( khoa học máy tính ),Java (Computer program language),Java ( ngôn ngữ chương trình máy tính ),Object-oriented programming (Computer science) | ||
| 904 | |i Ngoc Tuyet,QHieu | ||
| 980 | |a Trung tâm Học liệu Trường Đại học Cần Thơ | ||